Οικοδόμοι : οι άνθρωποι που έχτισαν την Αθήνα : 1950-1967

Αποθηκεύτηκε σε:
Λεπτομέρειες βιβλιογραφικής εγγραφής
Κύριος συγγραφέας: Λαμπροπούλου, Δήμητρα, 1969-
Μορφή: Βιβλίο
Γλώσσα:Greek
Δημοσίευση: Αθήνα : Βιβλιόραμα, 2009.
Θέματα:
Ετικέτες: Προσθήκη ετικέτας
Δεν υπάρχουν, Καταχωρήστε ετικέτα πρώτοι!

MARC

LEADER 00000cam a2200000 i 4500
001 1/11076
008 101130s2009####gr 000 | gre||
020 |a 9789608087859  
035 |l 10109273 
040 |a GR-MY-UA  |b gre  |e aacr 
041 0 |a gre 
082 0 |a 331.1377   |2 (22)  
100 1 |a Λαμπροπούλου, Δήμητρα,   |d 1969- 
245 1 0 |a Οικοδόμοι :   |b οι άνθρωποι που έχτισαν την Αθήνα : 1950-1967 /   |c Δήμητρα Λαμπροπούλου.  
260 |a Αθήνα :   |b Βιβλιόραμα,   |c 2009.  
300 |a 392 σ. ;   |c 24 εκ.  
500 |a Περιέχει βιβλιογραφία.  
650 0 0 |a Labor and laboring classes  |z Greece  |z Athens. 
650 0 |a Working class  |z Greece  |z Athens  |x Social conditions. 
650 0 |a Working class  |z Greece  |z Athens  |x History. 
650 0 0 |a Construction workers  |z Greece  |z Athens  |x History  |y 20th century. 
852 |a INST  |b LESVOS  |e 20101130  |h 331.1377 ΛΑΜ  |p 005100049543  |q 005100049543  |t BK  |y 0 
852 |a INST  |b LESVOS  |c EUDOXUS  |e 20170113  |h 331.1377 ΛΑΜ  |p 005100058629  |q 005100058629  |t EDX  |y 0 
852 |a INST  |b LESVOS  |c EUDOXUS  |e 20220516  |h 331.1377 ΛΑΜ  |p 005100063528  |q 005100063528  |t EDX  |y 0 
901 |a BIBL1-2010-3 
909 |a Λ  |b 165044 
920 |a Εύδοξος  |b Παραγγελία  |y Λέσβος-ΤΚΑΙ  |z 2016-12 
920 |a Εύδοξος  |b Παραγγελία  |y Λέσβος-ΤΚΑΙ  |z 2022-05 
970 |a ΤΖΑΦΕΡΗ  |b ΕΥΑΓΓΕΛΙΑ  |z 2010/11/30